01043nam a22002411a 4500001000800000005001700008008004100025035002300066035001300089035001800102040002000120100002800140245020700168250002300375260002800398300002700426500006300453504002700516610006200543710004600605999001700651952013300668727528320110718130854.0740524s1958 nyu 00010 eng u a(OCoLC)ocm00895488 9AGR-5261 a(ISLdb)312347 cUTSdIHGdISLdb10aFerguson, James,d1873-10aPrayers for public worship: a service book of mourning and evening prayers following the course of the Christian Year.cCompiled and edited by James Ferguson; American editor: Charles L. Wallis.h[Text] a[American edition]0 aNew YorkbHarpercc1958 aviii., 370 p., c22 cm. a"A revision of (the author's) Prayers for common worship." aIncludes bibliography.20aPresbyterian ChurchxPrayer-books and devotionsxEnglish.20aPresbyterian Church.bLiturgy and ritual. c31087d31087 00102lcc40708GENaCPLbCPLcGENd2009-09-26g29.00l0oBX 9185.F47 1958pR25729M3232r2019-09-02 00:00:00t1w2009-09-26yBK